| 000 | 01310nac a22003371u 4500 | ||
|---|---|---|---|
| 003 | EG-ScBUE | ||
| 005 | 20220627132522.0 | ||
| 008 | 200219s2001 enk f b 001 0 eng d | ||
| 020 | _a0631226362 (pbk.) | ||
| 020 | _a9780631226369 | ||
| 040 |
_aEG-ScBUE _beng _erda _cEG-ScBUE _dEG-ScBUE |
||
| 082 | 0 | 4 |
_a429.82421 _bMIT _222 |
| 100 | 1 |
_aMitchell, Mitch, _d1946-2008, _eauthor. |
|
| 245 | 1 | 2 |
_aA guide to old English / _cBruce Mitchell, fellow emeritus of St Edmund Hall, Oxford, Fred C. Robinson, Douglas Tracy Smith professor, emeritus of English, Yale University. |
| 250 | _aSixth edition. | ||
| 264 | 1 |
_aOxford, UK : _bBlackwell Publishers Ltd, _c2001. |
|
| 300 |
_axviii, 400 pages ; _c23 cm |
||
| 336 |
_2rdacontent _atext _btxt |
||
| 337 |
_2rdamedia _aunmediated _bn |
||
| 338 |
_2rdacarrier _avolume _bnc |
||
| 500 | _aDistributer: Al-Ahram. | ||
| 504 | _aIncludes bibliographical references and index. | ||
| 650 | 7 |
_aEnglish language _yOld English, ca. 450-1100 _xGrammar. _2BUEsh |
|
| 650 | 7 |
_aEnglish language _yOld English, ca. 450-1100 _xReaders. _2BUEsh |
|
| 650 | 7 |
_aEnglish philology _yOld English, ca. 450-1100 _vHandbooks, manuals, etc. _2BUEsh |
|
| 651 | _2BUEsh | ||
| 653 | _bHHUUEENN | ||
| 655 |
_vReading book _934232 |
||
| 700 | 1 |
_aRobinson, Fred C., _eauthor. |
|
| 942 |
_cBB _2ddc |
||
| 999 |
_c9210 _d9210 |
||